A boldogság művészete kézikönyv az élethez
Elmentve itt :
| Szerző: | |
|---|---|
| További közreműködők: | |
| Adatforrás: | Philobibl |
| Dokumentumtípus: | Könyv |
| Nyelv: | magyar |
| Kulcsszavak: | etika buddhizmus boldogság tibeti buddhizmus erkölcsi érték |
| Megjelent: |
[Budapest]
Trivium
cop. 2000
|
| LEADER | 00609cam a2200193 c 4500 | ||
|---|---|---|---|
| 001 | bibPHI0041814 | ||
| 005 | 20200924124617.8 | ||
| 008 | 001018t2000 hu f 000 0 hun d | ||
| 100 | 0 | |a Bstan-'dzin-rgya-mtsho |c (dalai láma) |b XIV. | |
| 245 | 1 | 2 | |a A boldogság művészete |b kézikönyv az élethez |c Őszentsége a dalai láma és Howard C. Cutler ; [ford. Süle Gábor] |
| 260 | |a [Budapest] |b Trivium |c cop. 2000 | ||
| 300 | |a 239 p. | ||
| 695 | |a etika | ||
| 695 | |a buddhizmus | ||
| 695 | |a boldogság | ||
| 695 | |a tibeti buddhizmus | ||
| 695 | |a erkölcsi érték | ||
| 700 | 1 | |a Cutler, Howard C. | |
| 700 | 1 | |a Süle Gábor | |